书目信息 |
| 题名: |
广陵先生文集
|
|
| 作者: | 王令 撰 | |
| 分册: | 第三册 | |
| 出版信息: | 北京 文物出版社 1982.10 |
|
| 页数: | ||
| 开本: | ||
| 丛书名: | 嘉业堂丛书 | |
| 单 册: | ||
| 中图分类: | I214.42 | |
| 科图分类: | ||
| 主题词: | ||
| 电子资源: | ||
| ISBN: | ||
| 000 | 00691nam0 2200229 450 | |
| 001 | 0632597156 | |
| 005 | 20061025092618.20 | |
| 010 | @b线装@dCNY33.00(函) | |
| 100 | @a20061025d1982 km y0chiy0120 ea | |
| 101 | 0 | @achi |
| 102 | @aCN@b110000 | |
| 200 | 1 | @a广陵先生文集@Aguang ling xian sheng wen ji@h第三册@f(宋)王令撰@F(song)wang ling zhuan |
| 210 | @a北京@c文物出版社@d1982.10 | |
| 225 | 2 | @a嘉业堂丛书 |
| 300 | @a四册一函,二十卷,拾遗一卷,附录一卷 | |
| 300 | @a本书为文物出版社1982年10月木板印刷本 | |
| 305 | @a吴兴刘氏嘉业堂刊本 | |
| 410 | 0 | @12001 @a嘉业堂丛书 |
| 690 | @aI214.42@v3 | |
| 701 | 0 | @a王令@Awang ling@4撰 |
| 801 | 0 | @aCN@bPFT@c20061025 |
| 905 | @a10447@dI214.42@e14:3 | |
| 广陵先生文集.第三册/(宋)王令撰.-北京:文物出版社,1982.10 |
| (嘉业堂丛书) |
| 四册一函,二十卷,拾遗一卷,附录一卷.-本书为文物出版社1982年10月木板印刷本 |
| ISBN (线装):CNY33.00(函) |
| ● |
| 相关链接 |
|
|
|
|
正题名:广陵先生文集
索取号:I214.42/14:3
 
预约/预借
| 序号 | 登录号 | 条形码 | 馆藏地/架位号 | 状态 | 备注 |
| 1 | 0222845 | 202374091 | 古籍典藏专区/ [索取号:I214.42/14:3] | 在馆 | |
| 2 | 0222849 | 202374135 | 古籍典藏专区/ [索取号:I214.42/14:3] | 在馆 |